| 000 | 01613 a2200229 4500 | ||
|---|---|---|---|
| 003 | NUST | ||
| 005 | 20230228115404.0 | ||
| 010 | _a 96014778 | ||
| 040 | _cNust | ||
| 082 | 0 | 0 | _a301.427,ADA |
| 100 | 1 |
_a Adams, Bert N _91478 |
|
| 245 | 1 | 4 |
_aThe American family farm / _c Bert N Adams |
| 260 |
_aOsceola, WI, USA : _b National Book Foundations _c1996. |
||
| 300 |
_a 380 p. : _bill. (some col.) ; _c27 cm. |
||
| 505 | _aIntroduction to Family Study (Page-1), Family Structures and Varieties (Page-15), Family Varieties exemplified: Nayar, Papago, Chinese (Page-35), Antecedents of the Modern Amer- Ican Family (Page-55), The Family in a Differentiated Society: Toawrd A Theoretical Perspective (Page-79), Family Subcultures and Sub societies in the United States (Page-102), The Socialization Process (Page-134), Adolescence (Page-157), Premarital Relationship in the United States (Page-176), Premarital Relationship in the United States (Page-1760, Love and Mate Selection in the United States (Page-203), Marriage: Processes and Roles (Page-234), Marriage: Interactions and Adjustments (Page-259), Kinship Relations (Page-277), Aging and the Family in the Family to Change and Challenge (Page-3190, The Family in the United States: Retrospect and Prospect (Page-348). | ||
| 650 | 0 |
_aFamily farms _zUnited States _xHistory _xPictorial works. _9104731 |
|
| 650 | 0 |
_aFamily farms _zUnited States. _9104732 |
|
| 650 | 0 |
_aPhotography of farms. _9104733 |
|
| 651 | 0 |
_aUnited States _xRural conditions _xPictorial works. _9104734 |
|
| 651 | 0 |
_aUnited States _xRural conditions. _933978 |
|
| 942 |
_2ddc _cBK _k301.427,ADA |
||
| 999 |
_c184650 _d184650 |
||